Deformation Measurements : 3rd International Symposium on Deformation Measurements by Geodetic Methods/Budapešť, 25.-29.8.1982

Uložené v:
Podrobná bibliografia
Médium: Kniha
Jazyk:English
Vydavateľské údaje: Budapešť : Akadémiai Kiadó, 1983
Vydanie:1. vyd.
Tagy: Pridať tag
Žiadne tagy, Buďte prvý, kto otaguje tento záznam!

MARC

LEADER 00000nam a22000003a 4500
001 stu139626
005 20150408182406.4
008 070403s1983----hu------------------eng-d
040 |a STU  |b slo 
041 0 |a eng 
044 |a hu 
080 |a 528.1 
245 |a Deformation Measurements :  |b 3rd International Symposium on Deformation Measurements by Geodetic Methods/Budapešť, 25.-29.8.1982 
250 |a 1. vyd. 
260 |a Budapešť :  |b Akadémiai Kiadó,  |c 1983 
300 |a 899 s 
996 |c V*29217/O-11572  |l VV4  |s P  |a 0  |w stu139626_0001